000 00759nam a2200157 a 4500
008 080919s1992 ||||||||||||||||| || u
050 _aIMF(058)
100 _a[and others]
245 1 0 _aInternational capital markets: developments and prospects, and key policy issues
260 _aWashington, D. C.
_bIMF
_c1992
300 _avii, 81 pages : illustrations
350 _a0.00
700 _aGoldstein, Morris
995 _aSPECIAL COLLECTIONS
_D0.00
_eIMF(058)A5/1992A
_FCBU-MAIN LIBRARY (Kitwe)
_H1
_I0.00
_jIMF(058)A5/1992A
_M1
_UAVAILABLE
_WSep 19, 2008
_y024531
_ZInternational Publications
995 _aSPECIAL COLLECTIONS
_D0.00
_eIMF(058)A5/1992B
_FCBU-MAIN LIBRARY (Kitwe)
_H1
_I0.00
_jIMF(058)A5/1992B
_M2
_UAVAILABLE
_WSep 24, 2008
_y024530
_ZInternational Publications
999 _c77524
_d77524